Statistics for Countries that Start with T

Click here to take the quiz!

General Stats

  • This quiz has been taken 515,950 times
    (515,855 since last reset)
  • The average score is 7 of 11

Answer Stats

Country% Correct
Turkey
92%
Turkmenistan
78%
Thailand
72%
Tajikistan
68%
Tanzania
67%
Togo
66%
Trinidad and Tobago
64%
Tunisia
63%
Taiwan
58%
Tonga
58%
Tuvalu
58%

Score Distribution

Percentile by Number Answered

Percent of People with Each Score

Your Score History

You have not taken this quiz since the last reset